UK hotel markets strong (Record no. 72807)

MARC details
000 -LEADER
fixed length control field 00917cam a2200193 4500
001 - CONTROL NUMBER
control field WB3921-04
008 - FIXED-LENGTH DATA ELEMENTS--GENERAL INFORMATION
fixed length control field 030603n2003 000 0 eng u
035 ## - SYSTEM CONTROL NUMBER
System control number (Sirsi) u122504
245 ## - TITLE STATEMENT
Title UK hotel markets strong
260 ## - PUBLICATION, DISTRIBUTION, ETC.
Date of publication, distribution, etc. 2003
490 ## - SERIES STATEMENT
Series statement Jones Lang LaSalle Press Release
Volume/sequential designation (NR1229) 15 May 2003 (3)
520 ## - SUMMARY, ETC.
Summary, etc. Recent research for Jones Lang LaSalle shows UK hotel markets are outperforming their European counterparts, with Birmingham, Cardiff and Edinburgh among only seven cities which showed growth in room yield. These results reflect an upturn in tourism since the foot-and-mouth disease epidemic and a boom in budget airlines. Further information is available from Karen Astbury t +44 (0)20 7399 5675. http://www.joneslanglasalle.co.uk/.
590 ## - LOCAL NOTE (RLIN)
Local note WB
650 ## - SUBJECT ADDED ENTRY--TOPICAL TERM
Topical term or geographic name entry element HOTEL PERFORMANCE
650 ## - SUBJECT ADDED ENTRY--TOPICAL TERM
Topical term or geographic name entry element TOURISM
650 ## - SUBJECT ADDED ENTRY--TOPICAL TERM
Topical term or geographic name entry element HOTEL MARKET
690 ## - LOCAL SUBJECT ADDED ENTRY--TOPICAL TERM (OCLC, RLIN)
Topical term or geographic name as entry element PROPERTY-COMMERCIAL PROPERTY
942 ## - ADDED ENTRY ELEMENTS (KOHA)
Suppress in OPAC 0
Holdings
Withdrawn status Lost status Source of classification or shelving scheme Damaged status Not for loan Home library Current library Shelving location Date acquired Total Checkouts Full call number Barcode Date last seen Copy number Price effective from Koha item type
    Dewey Decimal Classification     London London News article 03/06/2003   WB3921-04 122504-1001 06/08/2019 1 06/08/2019 News article